[Event "Berlin-ch Seniors op 38th"]
[Site "Berlin"]
[Date "2022.01.31"]
[Round "7"]
[White "Gruner, Klaus Dieter"]
[Black "Raitza, Olaf"]
[Result "0-1"]
[WhiteElo "1839"]
[BlackElo "2325"]
[PlyCount "74"]
[EventDate "2022.01.25"]
[EventType "swiss"]
[EventRounds "9"]
[EventCountry "GER"]
[SourceTitle "EXT 2023"]
[Source "ChessBase"]
[SourceDate "2022.10.05"]
[SourceVersion "1"]
[SourceVersionDate "2022.10.05"]
[SourceQuality "1"]

1. e4 Nf6 2. e5 Nd5 3. d4 d6 4. Nf3 Bg4 5. Be2 e6 6. 0-0 Be7 7. c4 Nb6 8. b3 0-0 9. Bb2 d5 10. Nbd2 Nc6 11. c5 Nd7 12. Bb5 f5 13. exf6 Bxf6 14. Bxc6 bxc6 15. Qc2 Bg5 16. Qc3 Bf4 17. Rfe1 Qf6 18. Rad1 Rae8 19. h3 Bh5 20. Re2 Bxd2 21. Rdxd2 Bxf3 22. Qxf3 Qxf3 23. gxf3 Rxf3 24. Kg2 Rf5 25. b4 Nf6 26. Re3 Rf8 27. Rde2 Nh5 28. Rc2 Rg5+ 29. Kh2 Rgf5 30. Kg2 Nf4+ 31. Kh2 R8f6 32. Bc1 Ng6 33. Kg2 Nh4+ 34. Kf1 Nf3 35. Rd3 Rh5 36. Bb2 Rxh3 37. Rcc3 Rh1+ 0-1

[Event "Berlin-ch Seniors op 35th"]
[Site "Berlin"]
[Date "2019.02.06"]
[Round "8"]
[White "Gruner, Klaus Dieter"]
[Black "Vandre, Wolfgang"]
[Result "0-1"]
[WhiteElo "1827"]
[BlackElo "2136"]
[PlyCount "128"]
[EventDate "2019.01.29"]
[EventType "swiss"]
[EventRounds "9"]
[EventCountry "GER"]
[SourceTitle "CBM 189 Extra"]
[Source "ChessBase"]
[SourceDate "2019.06.03"]
[SourceVersion "1"]
[SourceVersionDate "2019.06.03"]
[SourceQuality "1"]

1. e4 c5 2. Nf3 d6 3. d4 cxd4 4. Nxd4 Nf6 5. Nc3 a6 6. Be2 e5 7. Nb3 Be7 8. Be3 Be6 9. Bf3 Nbd7 10. a4 Rc8 11. 0-0 Nb6 12. a5 Nc4 13. Bc1 0-0 14. Re1 Qd7 15. Nd2 Rfd8 16. Nd5 Nxd5 17. exd5 Bf5 18. Be4 Nxd2 19. Qxd2 Bxe4 20. Rxe4 f5 21. Re2 f4 22. Ra3 g5 23. h3 Rc4 24. f3 Rdc8 25. c3 Qf5 26. Qc2 Qxc2 27. Rxc2 R4c5 28. Rd2 Bd8 29. Rb3 R8c7 30. Ra3 Kf7 31. Rd3 Kg6 32. b4 Rc4 33. Bd2 Kf5 34. g4+ fxg3 35. Kg2 h5 36. Kxg3 Rf7 37. Ra1 e4 38. Re3 Ke5 39. Rae1 Rf4 40. Rd3 Kf5 41. fxe4+ Rcxe4 42. Rxe4 Rxe4 43. Rf3+ Ke5 44. Rf8 Bf6 45. Rb8 Kxd5 46. Rxb7 Re2 47. Bc1 Ke4 48. Bxg5 Bxg5 49. b5 Re3+ 50. Kg2 Rxc3 51. bxa6 Ra3 52. Rb5 Be3 53. Rxh5 d5 54. Rh4+ Kd3 55. Rg4 Rxa5 56. Rg6 Ra1 57. Rc6 Ke4 58. Re6+ Kf4 59. Rf6+ Ke5 60. Rc6 d4 61. Kf3 Rf1+ 62. Ke2 Rf2+ 63. Kd1 Ke4 64. a7 Ra2 0-1

[Event "Berlin-ch Seniors op 34th"]
[Site "Berlin"]
[Date "2018.02.07"]
[Round "8"]
[White "Gruner, Klaus Dieter"]
[Black "Boettcher, Winfried"]
[Result "1/2-1/2"]
[WhiteElo "1846"]
[BlackElo "1428"]
[PlyCount "146"]
[EventDate "2018.01.30"]
[EventType "swiss"]
[EventRounds "9"]
[EventCountry "GER"]
[SourceTitle "EXT 2020"]
[Source "ChessBase"]
[SourceDate "2019.10.17"]
[SourceVersion "1"]
[SourceVersionDate "2019.10.17"]
[SourceQuality "1"]

1. e4 e6 2. d4 d5 3. e5 c5 4. c3 Nc6 5. Nf3 f6 6. Bd3 cxd4 7. cxd4 Qc7 8. 0-0 a6 9. Nc3 Bd7 10. Re1 f5 11. Be3 Nge7 12. Rc1 g6 13. Na4 Bg7 14. Bg5 Qd8 15. Nc5 Rb8 16. Qb3 Bc8 17. Qa3 Qa5 18. Qxa5 Nxa5 19. Bxe7 Kxe7 20. b4 Nc6 21. Nxa6 bxa6 22. Rxc6 Rxb4 23. Rc7+ Bd7 24. Ra7 Rc8 25. Rxa6 Ra4 26. Rxa4 Bxa4 27. Rb1 Rc7 28. Kf1 Bh6 29. Ke2 Bf8 30. Kd2 Kd8 31. Ng5 Bh6 32. h4 Bxg5+ 33. hxg5 Ra7 34. f4 Kc7 35. Kc3 Bd7 36. Rb2 Ra3+ 37. Kd2 Ba4 38. Ke3 Kc6 39. Kd2 Kc7 40. Be2 Kc6 41. Kc1 Rc3+ 42. Kb1 Re3 43. Rd2 Bb5 44. Bf3 Bc4 45. Kb2 Kb5 46. Bd1 Kb4 47. g4 Ra3 48. Kb1 Kc3 49. Rh2 Ra7 50. gxf5 gxf5 51. a4 Kxd4 52. Rh6 Re7 53. Kb2 Ke3 54. Rh4 d4 55. Ka3 Rb7 56. a5 d3 57. Bh5 d2 58. Bd1 Be2 59. Rh3+ Kxf4 60. Bxe2 Rd7 61. Bd1 Kxg5 62. Kb4 Rb7+ 63. Kc5 Rb1 64. Rh1 Kf4 65. a6 Kxe5 66. a7 Rc1+ 67. Kb4 Ra1 68. Ba4 Rxh1 69. a8Q d1Q 70. Bxd1 Rxd1 71. Qh8+ Ke4 72. Qxh7 Rd4+ 73. Kc3 Rd5 1/2-1/2

[Event "Berlin-ch Seniors op 32nd"]
[Site "Berlin"]
[Date "2016.02.03"]
[Round "8"]
[White "Jaeger, Andre"]
[Black "Gruner, Klaus Dieter"]
[Result "0-1"]
[WhiteElo "1962"]
[BlackElo "1805"]
[PlyCount "54"]
[EventDate "2016.01.26"]
[EventType "swiss"]
[EventRounds "9"]
[EventCountry "GER"]
[SourceTitle "EXT 2019"]
[Source "ChessBase"]
[SourceDate "2018.10.10"]
[SourceVersion "1"]
[SourceVersionDate "2018.10.10"]
[SourceQuality "1"]

1. d4 f5 2. Bg5 Nf6 3. Bxf6 exf6 4. e3 d5 5. Bd3 Be6 6. Ne2 g6 7. 0-0 Bd6 8. b3 0-0 9. c4 dxc4 10. bxc4 c5 11. Nbc3 Nd7 12. Qc2 a6 13. d5 Bf7 14. f4 Re8 15. Rf3 Qc7 16. Rb1 b5 17. e4 bxc4 18. Bxc4 Nb6 19. Rxb6 Qxb6 20. exf5 Rab8 21. fxg6 hxg6 22. Ne4 Qb1+ 23. Qxb1 Rxb1+ 24. Kf2 Rxe4 25. Bd3 Rxe2+ 26. Bxe2 Rb2 27. Ra3 c4 0-1